| 000 | 00420nam a2200157 i 4500 | ||
|---|---|---|---|
| 001 | 64410 | ||
| 003 | ES-MaACL | ||
| 005 | 20230906165125.0 | ||
| 007 | t| | ||
| 008 | 031224s1922 fr ||||1| fre d | ||
| 100 | 1 |
_aFoleÿ, Charles. _951461 |
|
| 245 | 1 | 0 |
_aCabotinette _b: roman / _cCharles Foleÿ. |
| 260 |
_a[s.n. : _bs.n., _c1922] ( _eLagny : _fE. Grevin) |
||
| 300 |
_a282 p. ; _c19 cm. |
||
| 852 |
_aES-MaACL _jF-4944 |
||
| 999 |
_c64410 _d64410 |
||